000
00221nam a2200085 4500
001
1257643
005
20260217133805.0
245
_a
OSMANLI DEVLETİNİN 2. KURUCUSU ÇELEBİ MEHMED
_c
İSMAİL BİLGİN
260
_b
ERDEM ÇOCUK
999
_c
1257643
_d
1257643